ARRUPE JESUIT UNIVERSITY

CORONAVIRUS -STOP THE SPREAD - CLEAN,DISINFECT,COVER

Climbing the mountain : (Record no. 118661)

MARC details
000 -LEADER
fixed length control field 01067cam a2200277 a 4500
001 - CONTROL NUMBER
control field 16619333
003 - CONTROL NUMBER IDENTIFIER
control field ARRUPE
005 - DATE AND TIME OF LATEST TRANSACTION
control field 20131125175420.0
008 - FIXED-LENGTH DATA ELEMENTS--GENERAL INFORMATION
fixed length control field 101115s2010 enka b 000 0 eng
010 ## - LIBRARY OF CONGRESS CONTROL NUMBER
LC control number 2011379422
020 ## - INTERNATIONAL STANDARD BOOK NUMBER
International Standard Book Number 9780904849363 (Saint Albert's Press : pbk.)
020 ## - INTERNATIONAL STANDARD BOOK NUMBER
International Standard Book Number 0904849368 (Saint Albert's Press : pbk.)
020 ## - INTERNATIONAL STANDARD BOOK NUMBER
International Standard Book Number 9788872881132 (Edizioni carmelitane : pbk.)
040 ## - CATALOGING SOURCE
Original cataloging agency DLC
Transcribing agency DLC
Modifying agency DLC
042 ## - AUTHENTICATION CODE
Authentication code pcc
050 00 - LIBRARY OF CONGRESS CALL NUMBER
Classification number BX3203
Item number .C58 2010
300 ## - PHYSICAL DESCRIPTION
Other physical details ill. (chiefly col.) ;
Dimensions 23 cm.
245 00 - TITLE STATEMENT
Title Climbing the mountain :
Remainder of title the Carmelite journey /
Statement of responsibility, etc edited by Johan Bergström-Allen.
260 ## - PUBLICATION, DISTRIBUTION, ETC. (IMPRINT)
Place of publication, distribution, etc Faversham, Kent :
Name of publisher, distributor, etc Saint Albert's Press ;
Place of publication, distribution, etc Roma, Italy :
Name of publisher, distributor, etc Edizioni carmelitane,
Date of publication, distribution, etc 2010.
300 ## - PHYSICAL DESCRIPTION
Extent 604 p. :
504 ## - BIBLIOGRAPHY, ETC. NOTE
Bibliography, etc Includes bibliographical references (p. 598-599).
610 20 - SUBJECT ADDED ENTRY--CORPORATE NAME
Corporate name or jurisdiction name as entry element Carmelites
General subdivision Spiritual life.
9 (RLIN) 3749
700 1# - ADDED ENTRY--PERSONAL NAME
Personal name Bergström-Allen, Johan,
Dates associated with a name 1979-
9 (RLIN) 3750
906 ## - LOCAL DATA ELEMENT F, LDF (RLIN)
a 7
b cbc
c origres
d 2
e ncip
f 20
g y-gencatlg
942 ## - ADDED ENTRY ELEMENTS (KOHA)
Source of classification or shelving scheme Library of Congress Classification
Koha item type Monograph ( Printed materials)
Holdings
Withdrawn status Lost status Source of classification or shelving scheme Damaged status Not for loan Home library Current library Shelving location Date acquired Total Checkouts Full call number Barcode Date last seen Price effective from Koha item type
    Library of Congress Classification     ARRUPE LIBRARY ARRUPE LIBRARY Main Collection 25/11/2013   BX3203 .C58 2010 46410248 22/11/2017 25/11/2013 Monograph ( Printed materials)

 

Arrupe Library. PO Box MP320 Mt Pleasant, Harare, Zimbabwe
263 242 745411|librarian@aju.ac.zw